Her's Discography - Statistics

General Stats
  • This quiz has been taken 58 times
  • The average score is 12 of 20
Answer Stats
Invitation to Her's % Correct
Harvey
97%
Cool with You
81%
What Once Was
81%
She Needs Him
78%
Speed Racer
72%
Don't Think It Over
66%
Blue Lips
63%
Dorothy
63%
Marcel
59%
Medieval
59%
If You Know What's Right
56%
I'll Try
53%
Love on the Line (Call Now)
47%
Mannie's Smile
47%
You Don't Know This Guy
47%
Breathing Easy
44%
Low Beam
44%
Carry the Doubt
34%
Cop Theme
34%
Under Wraps
34%
No matching quizzes found
Score Distribution
Percent of People with Each Score
Percentile by Number Answered
Your Score History
You have not taken this quiz